000
00326pam a2200157a 44500
008
230515b1968 xxu||||| |||| 00| 0 eng d
020
_a
NULL
041
_a
ENGLISH
082
_a
630
100
_a
1076-1967
245
_a
PREFERRED NUMBERS
250
_a
0
260
_a
DELHI
_b
ISI
_c
1968
300
_a
32
650
_a
NULL
999
_c
652176
_d
652176